Festivals of Bangladesh / (Record no. 24686)
[ view plain ]
| 000 -LEADER | |
|---|---|
| fixed length control field | 00859nam a22002654a 4500 |
| 005 - DATE AND TIME OF LATEST TRANSACTION | |
| control field | 20220701011048.0 |
| 008 - FIXED-LENGTH DATA ELEMENTS--GENERAL INFORMATION | |
| fixed length control field | 210523s2012 ii a 000 0 eng |
| 020 ## - INTERNATIONAL STANDARD BOOK NUMBER | |
| ISBN | 9843228187 |
| 040 ## - CATALOGING SOURCE | |
| Original cataloging agency | DLC |
| Transcribing agency | DLC |
| Modifying agency | BD-DhIUB |
| 082 ## - DEWEY DECIMAL CLASSIFICATION NUMBER | |
| Edition number | 22 |
| Classification number | 394.26095492 |
| Item number | F4181 |
| 245 00 - TITLE STATEMENT | |
| Title | Festivals of Bangladesh / |
| Statement of responsibility, etc | editorial board, Anisuzzaman, Shamsuzzaman Khan, Syed Manzoorul Islam. |
| 246 30 - VARYING FORM OF TITLE | |
| Title proper/short title | Bangladesh |
| 250 ## - EDITION STATEMENT | |
| Edition statement | 1st ed. |
| Remainder of edition statement | 2nd edn 2013 |
| 260 ## - PUBLICATION, DISTRIBUTION, ETC. (IMPRINT) | |
| Place of publication, distribution, etc | Dhaka : |
| Name of publisher, distributor, etc | Nymphea Publication, |
| Date of publication, distribution, etc | 2013. |
| 300 ## - PHYSICAL DESCRIPTION | |
| Extent | 117 p. : |
| Other physical details | col. ill. ; |
| Dimensions | 27 x 30 cm. |
| 526 ## - STUDY PROGRAM INFORMATION NOTE | |
| School name | |
| Shelving Location | Reference Stacks |
| 650 #0 - SUBJECT ADDED ENTRY--TOPICAL TERM | |
| 9 (RLIN) | 5035 |
| Topical term or geographic name as entry element | Festivals |
| 651 #4 - SUBJECT ADDED ENTRY--GEOGRAPHIC NAME | |
| 9 (RLIN) | 374 |
| Geographic name | Bangladesh |
| 700 0# - ADDED ENTRY--PERSONAL NAME | |
| Personal name | Ānisujjāmāna. |
| 700 1# - ADDED ENTRY--PERSONAL NAME | |
| Personal name | Khāna, Śāmasujjāmāna. |
| 700 1# - ADDED ENTRY--PERSONAL NAME | |
| Personal name | Isalāma, Saiẏada Manajurula. |
| 906 ## - LOCAL DATA ELEMENT F, LDF (RLIN) | |
| a | 7 |
| b | cbc |
| c | origode |
| d | 3 |
| e | ncip |
| f | 20 |
| g | y-gencatlg |
| 942 ## - ADDED ENTRY ELEMENTS (KOHA) | |
| Source of classification or shelving scheme | Dewey Decimal Classification |
| Koha item type | Books |
| Withdrawn status | Lost status | Source of classification or shelving scheme | Damaged status | Not for loan | Home library | Current library | Shelving location | Date acquired | Source of acquisition | Cost, normal purchase price | Total Checkouts | Full call number | Barcode | Date last seen | Copy number | Cost, replacement price | Price effective from | Koha item type |
|---|---|---|---|---|---|---|---|---|---|---|---|---|---|---|---|---|---|---|
| Dewey Decimal Classification | Not For Loan | Library, Independent University, Bangladesh (IUB) | Library, Independent University, Bangladesh (IUB) | Reference Stacks | 23/05/2021 | Purchase | 2000.00 | 394.26095492 F4181 2013 | 027106 | 23/05/2021 | 01 | 4000.00 | 23/05/2021 | Books |